El escarabajo de oro. Los Crímenes de la calle Morgue /
Guardado en:
| Autor Principal: | |
|---|---|
| Otros Autores: | , , |
| Formato: | Libro |
| Publicado: |
Buenos Aires :
Vicens Vives,
2014
|
| Series: | Aula de Literatura ;
3 |
| Materias: | |
| Etiquetas: |
Agregar Etiqueta
Sin Etiquetas, Sea el primero en etiquetar este registro!
|
| LEADER | 00950nam a22002775a 4500 | ||
|---|---|---|---|
| 001 | CEM.cems019542 | ||
| 008 | 220914s2014##################000#0#####d | ||
| 005 | 20220914091421.0 | ||
| 245 | 1 | 0 | |a El escarabajo de oro. Los Crímenes de la calle Morgue / |c Edgard Allan Poe ; traducido por Julio Cortázar ; Ilustrado por Tino Gatagán ; introducción y notas por Javier Fornieles. |
| 260 | |a Buenos Aires : |b Vicens Vives, |c 2014 | ||
| 300 | |a 96 p. | ||
| 490 | 1 | |a Aula de Literatura ; |v 3 | |
| 020 | |a 9789871291694 | ||
| 100 | 1 | |a Poe, Edgar Allan | |
| 700 | 1 | |a Cortázar, Julio; trad. | |
| 700 | 1 | |a Gatagán; Tino; il. | |
| 700 | 1 | |a Fornieles, Javier; prol. | |
| 082 | 0 | 4 | |a 818.3 |
| 653 | |a Literatura | ||
| 653 | |a Literatura norteamericana | ||
| 653 | |a Literatura infantil | ||
| 653 | |a Cuentos infantiles | ||
| 653 | |a Cuentos de terror | ||
| 653 | |a Terror | ||
| 653 | |a Suspenso | ||
| 859 | |a CEMS |b BIB. CEMS - Inicial y Primaria |h 818.3 |i P752 |p 5690 |t Ej.1 | ||
